| 000 | 00492pab a2200169 454500 | ||
|---|---|---|---|
| 008 | 180718b2008 xxu||||| |||| 00| 0 eng d | ||
| 100 | _aDe, Prabir | ||
| 245 | _aRealising the gains from full regional connectivity in south Asia (the transport costs dimension) | ||
| 260 | _c2008 | ||
| 300 | _ap.27-44. | ||
| 362 | _aMar | ||
| 650 | _aRegional Cooperation | ||
| 650 | _aSouth Asian Association for Regional Cooperation | ||
| 773 | _aMan and Development | ||
| 908 | _aN | ||
| 909 | _a78009 | ||
| 999 |
_c78009 _d78009 |
||